Capitals Starting with 'R' - Statistics

General Stats
  • This quiz has been taken 324 times
    185 since last reset
  • The average score is 5 of 6
Answer Stats
Continent Capital % Correct
Europe Riga
92%
Europe Rome
92%
Europe Reykjavík
89%
Asia Riyadh
88%
Africa Rabat
84%
North America Roseau
77%
No matching quizzes found
Score Distribution
Percent of People with Each Score
Percentile by Number Answered
Your Score History
You have not taken this quiz since the last reset